| LEADER | 01239nam a2200313 a 4500 | ||
|---|---|---|---|
| 001 | GR-Patra15017 | ||
| 008 | 021114s1988 gr e 000 0 eng d | ||
| 020 | |a 0803109830 | ||
| 040 | |a GrPaTEI |b gre |c GR-PaULI | ||
| 040 | |a GrPaTEI |b gre |c GR-PaULI | ||
| 082 | 0 | |a 624.151 | |
| 100 | 1 | |a Donaghe, Robert T. | |
| 245 | 1 | 0 | |a Advanced triaxial testing of soil and rock / |c Robert T. Donaghe, Ronald C. Chaney, and Marshall L. Silver. |
| 260 | |a Philadelphia : |b ASTM, |c c1988 | ||
| 300 | |a 896σ. | ||
| 490 | 1 | |a STP. 977 | |
| 504 | |a Includes bibliographies and index | ||
| 650 | 0 | |a CONGRESSES | |
| 650 | 0 | |a Rocks | |
| 650 | 0 | |a SOILS | |
| 700 | 1 | |a chaney, Ronald C. | |
| 700 | 1 | |a silver, marshall l. | |
| 710 | 0 | |a ASTM | |
| 830 | 0 | |1 00115018 |1 2001 |a STP |h 977 | |
| 942 | |2 ddc | ||
| 952 | |0 0 |1 0 |2 ddc |4 0 |6 624_151000000000000_DON |7 0 |9 293848 |a LISK |b LISK |c BSC |d 2021-01-17 |e 24 |f 0 |g 0.00 |l 0 |o 624.151 DON |p 92410016533 |r 2021-01-17 00:00:00 |t 1 |w 2021-01-17 |y BK15 |x 20021114 0 1 |x GrPaTEI | ||
| 952 | |0 0 |1 0 |2 ddc |4 0 |6 624_151000000000000_DON |7 0 |9 293849 |a LISK |b LISK |c BSC |d 2021-01-17 |e 24 |f 0 |g 0.00 |l 0 |o 624.151 DON |p 92410021280 |r 2021-01-17 00:00:00 |t 1 |w 2021-01-17 |y BK15 |x 20040109 0 1 |x GrPaTEI | ||
| 971 | |a .b26625325 |b 01-10-20 |c 23-09-16 | ||
| 999 | |c 171760 |d 171760 | ||